| 000 | 00543cam a22002171 4500 | ||
|---|---|---|---|
| 001 | ne 68001706 | ||
| 003 | DLC | ||
| 005 | 20260227111841.0 | ||
| 008 | 890514s1958 xx 000 0 per | ||
| 010 | _ane 68001706 | ||
| 035 | _a(OCoLC)23542461 | ||
| 040 |
_aDLC _cMiU _dDLC |
||
| 042 | _apremarc | ||
| 050 | 0 | 0 |
_aBP135.A2 _bN2416 1958 |
| 100 | 1 |
_aPāyandah, Abū al-Qāsim _ecomp. |
|
| 245 | 1 | 0 | _aNahj al-faṣāḥah. |
| 260 | _c1337 [1958] | ||
| 300 |
_a2 v. in 1 (167, 707 p.) _c22 cm. |
||
| 500 | _aRomanized. | ||
| 650 | 0 | _aHadith | |
| 999 |
_c50356 _d50356 |
||